| 000 | 00630nam a22001697a 4500 | ||
|---|---|---|---|
| 003 | OSt | ||
| 005 | 20240529112452.0 | ||
| 008 | 240522b ||||| |||| 00| 0 eng d | ||
| 040 | _cAIMIT LIBRARY | ||
| 100 |
_aCastelino, Ashley Joswil. _e2016028 _9166719 |
||
| 245 |
_aA study on customer satisfaction with campco chocolates in Mangalore city / _cBy Ashley Joswil Castelino ; Guided by Rajani Suresh. |
||
| 260 |
_bMangalore . _c2022. |
||
| 650 |
_aCustomer Satisfaction. _9168375 |
||
| 700 |
_aSuresh, Rajani. _eGuide _9166720 |
||
| 856 | _3Central Arecanut and Coca Marketing and Processing Co-operative ltd. | ||
| 942 |
_2ddc _cPRO |
||
| 999 |
_c230859 _d230859 |
||